Stanhope Pension Trust Ltd and Custodian Holdings Ltd v Registrar of Companies and Bird (Record no. 13955)

MARC details
000 -LEADER
fixed length control field 00923cab a2200205 4500
001 - CONTROL NUMBER
control field X1981
008 - FIXED-LENGTH DATA ELEMENTS--GENERAL INFORMATION
fixed length control field 090401t1995 xxu||||| |||| 00| 0 eng d
035 ## - SYSTEM CONTROL NUMBER
System control number (Sirsi) u20823
041 ## - LANGUAGE CODE
Language code of text/sound track or separate title eng
245 ## - TITLE STATEMENT
Title Stanhope Pension Trust Ltd and Custodian Holdings Ltd v Registrar of Companies and Bird
260 ## - PUBLICATION, DISTRIBUTION, ETC.
Date of publication, distribution, etc. 1995
350 ## - PRICE (NR) (BK AM CF MU VM SE) [OBSOLETE]
Price 0
490 ## - SERIES STATEMENT
Series statement Property and Compensation Reports
Volume/sequential designation (1995) 69 P&CR 238-246(9)
520 ## - SUMMARY, ETC.
Summary, etc. CA 17 December 1993. Underlease granted to company. Underleases assigned. Company dissolved. Assignee wound up and underleases disclaimed. Application by landlords to declare dissolution of original underlessee void Whether couurt should exercise discretion to make order under Companies Act 1985 s651. (Taken from Journal abstract)
650 ## - SUBJECT ADDED ENTRY--TOPICAL TERM
Topical term or geographic name entry element COMPANIES ACT 1985 S651
650 ## - SUBJECT ADDED ENTRY--TOPICAL TERM
Topical term or geographic name entry element UNDERLEASES
690 ## - LOCAL SUBJECT ADDED ENTRY--TOPICAL TERM (OCLC, RLIN)
Topical term or geographic name as entry element LANDLORD AND TENANT-CASE LAW-BUSINESS TENANCIES
942 ## - ADDED ENTRY ELEMENTS (KOHA)
Suppress in OPAC 0
948 ## - LOCAL PROCESSING INFORMATION (OCLC); SERIES PART DESIGNATOR (RLIN)
c (OCLC) 04/03/1997
Holdings
Withdrawn status Lost status Source of classification or shelving scheme Damaged status Not for loan Home library Current library Shelving location Date acquired Total Checkouts Full call number Barcode Date last seen Copy number Price effective from Koha item type
    Dewey Decimal Classification     London London Journal article 14/09/1999   X1981 20823-1001 06/08/2019 1 06/08/2019 Law report